THE OPTICAL SHADOW SYSTEMS FOR NONCONTACT DIMENSIONAL INSPECTION

Bibliographic Details
Main Authors: Kutchinsky, K. I. (Author), Gromilin, O. G. (Author), Yunoshev, S. P. (Author), Plotnikov, S. V. (Author), Ladigin, V. I. (Author)
Format: Article
Language:English
ISBN:8096740245

MARC

LEADER 00000naa a2200000uu 4500
001 vtls010931408
003 SK-MaSNL
005 20260302141230.0
008 210902|1999 xo |||||||||||||||||eng|
015 |a SNBRA 
035 |a (urnnbn)urn:nbn:sk:snk:ar-a0b443 
035 |a (uuid)d066910b-db54-4edf-bdbd-46cf2022b9ff 
035 |a urn:nbn:sk:snk-aatwlw 
040 |a SNKBUCL  |b slo  |c SNKBUCL  |e AACR2 
041 0 |a eng 
044 |a xo  |c SK 
100 1 |a Kutchinsky, K. I.  |4 aut  |9 828303 
245 1 0 |a THE OPTICAL SHADOW SYSTEMS FOR NONCONTACT DIMENSIONAL INSPECTION  |c K. I. Kutchinsky, O. G. Gromilin, S. P. Yunoshev, S. V. Plotnikov, V. I. Ladigin 
700 1 |a Gromilin, O. G.  |4 aut  |9 828304 
700 1 |a Yunoshev, S. P.  |4 aut  |9 828305 
700 1 |a Plotnikov, S. V.  |4 aut  |9 826132 
700 1 |a Ladigin, V. I.  |4 aut  |9 828306 
773 0 |t Measurement '99  |d Bratislava : Institute of Measurement Science Slovak Academy of Sciences, 1999  |g S. 182-184  |z 8096740245 
958 |a OND 
958 |a article11 
958 |a chapter 
999 |c 1334883  |d 1336813